The BSEC at fifteen : key documents, 1992-2007

Αποθηκεύτηκε σε:
Λεπτομέρειες βιβλιογραφικής εγγραφής
Άλλοι συγγραφείς: Καράμπελας, Δημήτρης Α. (Επιμελητής έκδοσης), Στριμπής, Ιωάννης (Επιμελητής έκδοσης)
Μορφή: Βιβλίο
Γλώσσα:English
Δημοσίευση: Αθήνα : International Centre for Black Sea Studies (ICBSS), 2007.
Θέματα:
Ετικέτες: Προσθήκη ετικέτας
Δεν υπάρχουν, Καταχωρήστε ετικέτα πρώτοι!

MARC

LEADER 00000cam a2200000 a 4500
001 1/109509
008 151222s2007####gr | ||| |||||||eng||
020 |a 9789608922778 
040 |a GR-MyUa  |b gre  |c GR-MyUa  |e AACR2 
041 0 |a eng 
082 7 |a 337.1   |2 (23) 
245 0 4 |a The BSEC at fifteen :   |b key documents, 1992-2007 /   |c επιμέλεια Ιωάννης Στριμπής και Δημήτριος Καράμπελας.  
260 |a Αθήνα :   |b International Centre for Black Sea Studies (ICBSS),   |c 2007.  
300 |a 343 . ;   |c 24 εκ.  
610 2 0 |a Black Sea Economic Cooperation (Organization) 
651 0 |a Black Sea Region  |x Economic conditions. 
651 0 |a Black Sea Region  |x Economic integration. 
700 1 |a Καράμπελας, Δημήτρης Α.  |e edt 
700 1 |a Στριμπής, Ιωάννης,  |e edt 
852 |a INST  |b RHODES  |e 20151222  |h 337.1 BSE  |p 005400038155  |q 005400038155  |t BK  |y 0 
970 |z 22-12-2015